[Event "Blitz 2018"]
[Site "Saint-Petersburg"]
[Date "2018.12.30"]
[Round "20"]
[Board "65"]
[White "Geller Jakov (RUS)"]
[Black "Yakubboev Nodirbek (UZB)"]
[Result "1-0"]
[LiveChessVersion "1.4.8"]
[BlackElo "2388"]
[WhiteElo "2528"]

1. e4 {[%clk 0:03:03]} e5 {[%clk 0:03:02]} 2. Nf3 {[%clk 0:03:04]} Nc6
{[%clk 0:03:03]} 3. Bc4 {[%clk 0:03:04]} Bc5 {[%clk 0:03:04]} 4. d3
{[%clk 0:03:05]} Nf6 {[%clk 0:03:05]} 5. O-O {[%clk 0:03:05]} d6 {[%clk 0:03:06]}
6. c3 {[%clk 0:03:06]} a6 {[%clk 0:03:07]} 7. Bb3 {[%clk 0:03:07]} Ba7
{[%clk 0:03:07]} 8. Nbd2 {[%clk 0:03:08]} O-O {[%clk 0:03:06]} 9. h3
{[%clk 0:03:08]} Be6 {[%clk 0:03:00]} 10. Bc2 {[%clk 0:03:08]} Nd7
{[%clk 0:02:24]} 11. Bb3 {[%clk 0:02:39]} Nc5 {[%clk 0:02:14]} 12. Bxe6
{[%clk 0:02:39]} Nxe6 {[%clk 0:02:15]} 13. Re1 {[%clk 0:02:36]} Qd7
{[%clk 0:01:58]} 14. Nf1 {[%clk 0:02:29]} f5 {[%clk 0:01:58]} 15. Be3
{[%clk 0:02:19]} fxe4 {[%clk 0:01:11]} 16. dxe4 {[%clk 0:02:17]} Kh8
{[%clk 0:01:11]} 17. Bxa7 {[%clk 0:01:55]} Rxa7 {[%clk 0:01:12]} 18. Ne3
{[%clk 0:01:56]} Nf4 {[%clk 0:01:13]} 19. Nd5 {[%clk 0:01:57]} Raa8
{[%clk 0:01:08]} 20. Nh2 {[%clk 0:01:53]} Ne7 {[%clk 0:00:59]} 21. Nxf4
{[%clk 0:01:47]} Rxf4 {[%clk 0:00:59]} 22. Re3 {[%clk 0:01:44]} Raf8
{[%clk 0:00:59]} 23. Rf3 {[%clk 0:01:43]} Ng6 {[%clk 0:00:58]} 24. Rxf4
{[%clk 0:01:37]} Nxf4 {[%clk 0:00:59]} 25. Nf1 {[%clk 0:01:18]} Qb5
{[%clk 0:00:51]} 26. Qd2 {[%clk 0:01:17]} Qe2 {[%clk 0:00:19]} 27. f3
{[%clk 0:01:03]} Qb5 {[%clk 0:00:17]} 28. Ne3 {[%clk 0:00:56]} Qd7
{[%clk 0:00:15]} 29. Nd5 {[%clk 0:00:53]} Ng6 {[%clk 0:00:13]} 30. Rd1
{[%clk 0:00:53]} h6 {[%clk 0:00:13]} 31. Qe3 {[%clk 0:00:50]} b6 {[%clk 0:00:13]}
32. Qe2 {[%clk 0:00:47]} a5 {[%clk 0:00:14]} 33. Qc4 {[%clk 0:00:47]} Rf7
{[%clk 0:00:13]} 34. b4 {[%clk 0:00:45]} axb4 {[%clk 0:00:12]} 35. cxb4
{[%clk 0:00:46]} Kh7 {[%clk 0:00:10]} 36. b5 {[%clk 0:00:40]} Nf8
{[%clk 0:00:09]} 37. Ne3 {[%clk 0:00:19]} Ne6 {[%clk 0:00:10]} 38. a4
{[%clk 0:00:20]} Nc5 {[%clk 0:00:11]} 39. Ng4 {[%clk 0:00:21]} Qe6
{[%clk 0:00:11]} 40. Qxe6 {[%clk 0:00:18]} Nxe6 {[%clk 0:00:12]} 41. Ne3
{[%clk 0:00:18]} Nc5 {[%clk 0:00:13]} 42. Ra1 {[%clk 0:00:20]} Kg8
{[%clk 0:00:14]} 43. Nd5 {[%clk 0:00:20]} Kf8 {[%clk 0:00:14]} 44. a5
{[%clk 0:00:20]} bxa5 {[%clk 0:00:15]} 45. Rxa5 {[%clk 0:00:21]} Rd7
{[%clk 0:00:16]} 46. Ra7 {[%clk 0:00:20]} Ke8 {[%clk 0:00:12]} 47. Nxc7+
{[%clk 0:00:19]} Kd8 {[%clk 0:00:14]} 48. b6 {[%clk 0:00:18]} Kc8
{[%clk 0:00:15]} 49. Ne8 {[%clk 0:00:17]} Rd8 {[%clk 0:00:14]} 50. Ra8+
{[%clk 0:00:13]} Kd7 {[%clk 0:00:15]} 51. Rxd8+ {[%clk 0:00:14]} Kxd8
{[%clk 0:00:17]} 52. Nxd6 {[%clk 0:00:14]} Nd7 {[%clk 0:00:17]} 53. Nc4
{[%clk 0:00:14]} Kc8 {[%clk 0:00:18]} 54. Kf2 {[%clk 0:00:13]} Kb7
{[%clk 0:00:20]} 55. Kg3 {[%clk 0:00:14]} Kc6 {[%clk 0:00:20]} 56. Kg4
{[%clk 0:00:15]} g6 {[%clk 0:00:22]} 57. h4 {[%clk 0:00:15]} Kc5 {[%clk 0:00:22]}
58. Ne3 {[%clk 0:00:13]} Kxb6 {[%clk 0:00:21]} 59. Nd5+ {[%clk 0:00:14]} Kc5
{[%clk 0:00:23]} 60. h5 {[%clk 0:00:15]} Nf8 {[%clk 0:00:21]} 61. hxg6
{[%clk 0:00:15]} Nxg6 {[%clk 0:00:22]} 62. Kh5 {[%clk 0:00:15]} Nf8
{[%clk 0:00:22]} 63. Kxh6 {[%clk 0:00:16]} Kd4 {[%clk 0:00:23]} 64. g4
{[%clk 0:00:16]} Kd3 {[%clk 0:00:24]} 65. g5 {[%clk 0:00:16]} Ke2
{[%clk 0:00:25]} 66. g6 {[%clk 0:00:17]} Ne6 {[%clk 0:00:27]} 67. g7
{[%clk 0:00:17]} Nxg7 68. Kxg7 {[%clk 0:00:18]} Kxf3 {[%clk 0:00:29]} 69. Nf6
{[%clk 0:00:19]} 1-0

[Event "Blitz 2018"]
[Site "Saint-Petersburg"]
[Date "2018.12.30"]
[Round "20"]
[Board "66"]
[White "Sanal Vahap (TUR)"]
[Black "Iljin Artem (RUS)"]
[Result "0-1"]
[LiveChessVersion "1.4.8"]
[BlackElo "2525"]
[WhiteElo "2488"]

1. e4 {[%clk 0:03:02]} c5 {[%clk 0:03:04]} 2. Nf3 {[%clk 0:03:03]} e6
{[%clk 0:03:05]} 3. d4 {[%clk 0:03:04]} cxd4 {[%clk 0:03:06]} 4. Nxd4
{[%clk 0:03:05]} a6 {[%clk 0:03:06]} 5. c4 {[%clk 0:03:05]} Nf6 {[%clk 0:03:04]}
6. Nc3 {[%clk 0:03:05]} Qc7 {[%clk 0:03:04]} 7. Be2 {[%clk 0:03:01]} Bc5
{[%clk 0:02:50]} 8. O-O {[%clk 0:02:56]} d6 {[%clk 0:02:48]} 9. Nb3
{[%clk 0:02:53]} Ba7 {[%clk 0:02:41]} 10. Bf4 {[%clk 0:02:49]} e5
{[%clk 0:02:42]} 11. Bg5 {[%clk 0:02:49]} Nbd7 {[%clk 0:02:42]} 12. Qd2
{[%clk 0:02:48]} h6 {[%clk 0:02:41]} 13. Bh4 {[%clk 0:02:38]} g5 {[%clk 0:02:36]}
14. Bg3 {[%clk 0:02:39]} Nc5 {[%clk 0:02:37]} 15. Nxc5 {[%clk 0:02:32]} Bxc5
{[%clk 0:02:38]} 16. Rfd1 {[%clk 0:02:24]} Be6 {[%clk 0:02:30]} 17. b4
{[%clk 0:02:11]} Bd4 {[%clk 0:02:19]} 18. Rac1 {[%clk 0:02:09]} Ke7
{[%clk 0:01:23]} 19. Bd3 {[%clk 0:01:54]} h5 {[%clk 0:01:10]} 20. h4
{[%clk 0:01:16]} gxh4 {[%clk 0:00:33]} 21. Bxh4 {[%clk 0:01:17]} Rag8
{[%clk 0:00:33]} 22. Ne2 {[%clk 0:01:00]} Ba7 {[%clk 0:00:31]} 23. c5
{[%clk 0:00:52]} dxc5 {[%clk 0:00:28]} 24. Bc4 {[%clk 0:00:37]} Rg4
{[%clk 0:00:21]} 25. Bxe6 {[%clk 0:00:33]} fxe6 {[%clk 0:00:11]} 26. Bxf6+
{[%clk 0:00:16]} Kxf6 {[%clk 0:00:13]} 27. bxc5 {[%clk 0:00:15]} Bxc5 28. Qc3
{[%clk 0:00:14]} b6 {[%clk 0:00:13]} 29. Qf3+ {[%clk 0:00:14]} Kg6
{[%clk 0:00:13]} 30. Ng3 {[%clk 0:00:11]} Rf4 {[%clk 0:00:15]} 31. Qe2
{[%clk 0:00:06]} h4 {[%clk 0:00:14]} 32. Nh1 {[%clk 0:00:07]} Qc6
{[%clk 0:00:09]} 33. Kh2 {[%clk 0:00:05]} Qxe4 {[%clk 0:00:08]} 34. Qxa6
{[%clk 0:00:04]} Bxf2 {[%clk 0:00:07]} 35. Qd3 {[%clk 0:00:04]} Bg3+
{[%clk 0:00:07]} 36. Kh3 {[%clk 0:00:04]} Qxd3 {[%clk 0:00:04]} 37. Rxd3
{[%clk 0:00:05]} Rd4 {[%clk 0:00:04]} 38. Rb3 {[%clk 0:00:04]} Bf4
{[%clk 0:00:04]} 39. Rc6 {[%clk 0:00:04]} Kf5 {[%clk 0:00:05]} 40. Nf2
{[%clk 0:00:03]} Rg8 {[%clk 0:00:05]} 41. Rf3 {[%clk 0:00:04]} Rg3+
{[%clk 0:00:05]} 42. Rxg3 {[%clk 0:00:04]} hxg3 {[%clk 0:00:06]} 43. Ng4
{[%clk 0:00:04]} Rd1 {[%clk 0:00:07]} 44. Nh6+ {[%clk 0:00:03]} Bxh6
{[%clk 0:00:07]} 0-1

[Event "Blitz 2018"]
[Site "Saint-Petersburg"]
[Date "2018.12.30"]
[Round "20"]
[Board "67"]
[White "Postny Evgeny (ISR)"]
[Black "Chen Qi B (CHN)"]
[Result "1-0"]
[LiveChessVersion "1.4.8"]
[BlackElo "2416"]
[WhiteElo "2657"]

1. d4 {[%clk 0:03:03]} Nf6 {[%clk 0:03:03]} 2. c4 {[%clk 0:03:04]} g6
{[%clk 0:03:04]} 3. Nc3 {[%clk 0:03:04]} Bg7 {[%clk 0:03:05]} 4. e4
{[%clk 0:03:05]} d6 {[%clk 0:03:06]} 5. Nf3 {[%clk 0:03:06]} O-O {[%clk 0:03:06]}
6. h3 {[%clk 0:03:07]} c5 {[%clk 0:03:07]} 7. d5 {[%clk 0:03:07]} e6
{[%clk 0:03:08]} 8. Bd3 {[%clk 0:03:07]} exd5 {[%clk 0:03:09]} 9. exd5
{[%clk 0:03:08]} Re8+ {[%clk 0:03:10]} 10. Be3 {[%clk 0:03:09]} Bh6
{[%clk 0:03:11]} 11. O-O {[%clk 0:03:09]} Bxe3 {[%clk 0:03:11]} 12. fxe3
{[%clk 0:03:09]} Qe7 {[%clk 0:03:12]} 13. e4 {[%clk 0:03:07]} Nbd7
{[%clk 0:03:13]} 14. Qd2 {[%clk 0:03:08]} Rf8 {[%clk 0:03:11]} 15. Qh6
{[%clk 0:02:54]} Ne8 {[%clk 0:03:06]} 16. Ng5 {[%clk 0:02:37]} f6
{[%clk 0:02:59]} 17. Ne6 {[%clk 0:02:34]} Rf7 {[%clk 0:02:58]} 18. Nf4
{[%clk 0:02:01]} Ne5 {[%clk 0:02:56]} 19. Be2 {[%clk 0:01:57]} Bd7
{[%clk 0:02:53]} 20. Rf2 {[%clk 0:01:55]} a6 {[%clk 0:02:34]} 21. a4
{[%clk 0:01:56]} Rg7 {[%clk 0:02:13]} 22. Raf1 {[%clk 0:01:48]} g5
{[%clk 0:01:57]} 23. Ne6 {[%clk 0:01:48]} Rg6 {[%clk 0:01:41]} 24. Qh5
{[%clk 0:01:48]} Ng7 {[%clk 0:01:06]} 25. Nxg7 {[%clk 0:01:44]} Kxg7
{[%clk 0:01:07]} 26. Bd1 {[%clk 0:01:34]} g4 {[%clk 0:00:54]} 27. Qh4
{[%clk 0:01:19]} gxh3 {[%clk 0:00:55]} 28. Bh5 {[%clk 0:01:13]} hxg2
{[%clk 0:00:31]} 29. Rxg2 {[%clk 0:01:06]} Rxg2+ {[%clk 0:00:32]} 30. Kxg2
{[%clk 0:01:07]} Rg8 {[%clk 0:00:30]} 31. Kh1 {[%clk 0:01:06]} Nxc4
{[%clk 0:00:25]} 32. Ne2 {[%clk 0:00:59]} Kh8 {[%clk 0:00:14]} 33. Rxf6
{[%clk 0:00:52]} Rf8 {[%clk 0:00:11]} 34. Rxf8+ {[%clk 0:00:45]} Qxf8
{[%clk 0:00:12]} 35. Nf4 {[%clk 0:00:45]} Ne5 {[%clk 0:00:13]} 36. Qg5
{[%clk 0:00:42]} Bxa4 {[%clk 0:00:10]} 37. Bg4 {[%clk 0:00:25]} Be8
{[%clk 0:00:08]} 38. Bf5 {[%clk 0:00:19]} Bf7 {[%clk 0:00:07]} 39. Qf6+
{[%clk 0:00:17]} Qg7 {[%clk 0:00:08]} 40. Qxd6 {[%clk 0:00:17]} Nf3
{[%clk 0:00:08]} 41. Ng2 {[%clk 0:00:10]} c4 {[%clk 0:00:06]} 42. Qb8+
{[%clk 0:00:09]} Bg8 {[%clk 0:00:07]} 43. Qf4 {[%clk 0:00:08]} Ne5
{[%clk 0:00:05]} 44. d6 {[%clk 0:00:09]} Qf6 {[%clk 0:00:05]} 45. d7
{[%clk 0:00:08]} Nxd7 1-0

[Event "Blitz 2018"]
[Site "Saint-Petersburg"]
[Date "2018.12.30"]
[Round "20"]
[Board "68"]
[White "Drygalov Andrey (RUS)"]
[Black "Zvjaginsev Vadim (RUS)"]
[Result "1/2-1/2"]
[LiveChessVersion "1.4.8"]
[BlackElo "2649"]
[WhiteElo "2509"]

1. e4 {[%clk 0:03:03]} c5 {[%clk 0:03:03]} 2. Nf3 {[%clk 0:03:04]} Nc6
{[%clk 0:03:05]} 3. Bb5 {[%clk 0:03:05]} g6 {[%clk 0:03:06]} 4. Bxc6
{[%clk 0:03:06]} bxc6 {[%clk 0:03:07]} 5. O-O {[%clk 0:03:07]} Bg7
{[%clk 0:03:08]} 6. Re1 {[%clk 0:03:08]} e5 {[%clk 0:03:10]} 7. c3
{[%clk 0:03:08]} Ne7 {[%clk 0:03:11]} 8. d4 {[%clk 0:03:08]} cxd4
{[%clk 0:03:12]} 9. cxd4 {[%clk 0:03:09]} exd4 {[%clk 0:03:13]} 10. Nxd4
{[%clk 0:03:09]} O-O {[%clk 0:03:13]} 11. Nc3 {[%clk 0:03:09]} Rb8
{[%clk 0:03:15]} 12. Nb3 {[%clk 0:03:06]} d5 {[%clk 0:03:11]} 13. exd5
{[%clk 0:02:58]} Nxd5 {[%clk 0:03:08]} 14. Nxd5 {[%clk 0:02:59]} Qxd5
{[%clk 0:03:08]} 15. Qxd5 {[%clk 0:02:52]} cxd5 {[%clk 0:03:09]} 16. Bf4
{[%clk 0:02:52]} Rb6 {[%clk 0:02:45]} 17. Be5 {[%clk 0:02:52]} Be6
{[%clk 0:02:29]} 18. Bxg7 {[%clk 0:02:33]} Kxg7 {[%clk 0:02:30]} 19. Rac1
{[%clk 0:02:32]} d4 {[%clk 0:02:02]} 20. Nxd4 {[%clk 0:02:27]} Bxa2
{[%clk 0:02:02]} 21. Rc7 {[%clk 0:01:55]} a5 {[%clk 0:01:53]} 22. Ra7
{[%clk 0:01:49]} Rxb2 {[%clk 0:01:39]} 23. Rxa5 {[%clk 0:01:49]} Rd8
{[%clk 0:01:22]} 24. Nf3 {[%clk 0:01:47]} Bd5 {[%clk 0:01:17]} 25. Ra3
{[%clk 0:01:41]} Rc8 {[%clk 0:01:16]} 26. Rd3 {[%clk 0:01:34]} Ba8
{[%clk 0:01:10]} 27. Rd2 {[%clk 0:01:33]} Rxd2 {[%clk 0:00:59]} 1/2-1/2

[Event "Blitz 2018"]
[Site "Saint-Petersburg"]
[Date "2018.12.30"]
[Round "20"]
[Board "69"]
[White "Piorun Kacper (POL)"]
[Black "Tregubov Pavel V. (RUS)"]
[Result "1/2-1/2"]
[LiveChessVersion "1.4.8"]
[BlackElo "2516"]
[WhiteElo "2646"]

1. c4 {[%clk 0:03:02]} c5 {[%clk 0:03:03]} 2. Nf3 {[%clk 0:03:01]} Nc6
{[%clk 0:03:04]} 3. g3 {[%clk 0:03:01]} Nf6 {[%clk 0:03:02]} 4. Bg2
{[%clk 0:03:02]} d5 {[%clk 0:03:02]} 5. cxd5 {[%clk 0:03:02]} Nxd5
{[%clk 0:03:03]} 6. Nc3 {[%clk 0:03:03]} Nc7 {[%clk 0:03:04]} 7. a3
{[%clk 0:03:00]} Rb8 {[%clk 0:02:49]} 8. d3 {[%clk 0:02:44]} e5 {[%clk 0:02:49]}
9. O-O {[%clk 0:02:44]} Be7 {[%clk 0:02:48]} 10. Nd2 {[%clk 0:02:34]} O-O
{[%clk 0:02:47]} 11. Nc4 {[%clk 0:02:32]} f6 {[%clk 0:02:42]} 12. f4
{[%clk 0:02:32]} Be6 {[%clk 0:02:34]} 13. fxe5 {[%clk 0:02:22]} Nxe5
{[%clk 0:02:32]} 14. Nxe5 {[%clk 0:02:19]} fxe5 {[%clk 0:02:33]} 15. Rxf8+
{[%clk 0:02:11]} Qxf8 {[%clk 0:02:23]} 16. Be3 {[%clk 0:02:09]} b6
{[%clk 0:02:15]} 17. Qa4 {[%clk 0:02:07]} a6 {[%clk 0:02:07]} 18. Qc6
{[%clk 0:01:47]} Qc8 {[%clk 0:01:53]} 19. Rf1 {[%clk 0:01:44]} Qd7
{[%clk 0:01:41]} 20. Qe4 {[%clk 0:01:34]} Bf6 {[%clk 0:01:41]} 21. b4
{[%clk 0:01:31]} cxb4 {[%clk 0:01:37]} 22. Qxb4 {[%clk 0:01:26]} Nd5
{[%clk 0:01:15]} 23. Nxd5 {[%clk 0:01:17]} Bxd5 {[%clk 0:01:16]} 24. Bxd5+
{[%clk 0:01:13]} Qxd5 {[%clk 0:01:18]} 25. Rc1 {[%clk 0:01:13]} a5
{[%clk 0:01:08]} 26. Qa4 {[%clk 0:00:58]} h6 {[%clk 0:00:55]} 27. Rb1
{[%clk 0:00:57]} Qd6 {[%clk 0:00:48]} 28. Qc4+ {[%clk 0:00:55]} Kh8
{[%clk 0:00:48]} 29. a4 {[%clk 0:00:56]} Bg5 {[%clk 0:00:39]} 30. Bf2
{[%clk 0:00:53]} Be7 {[%clk 0:00:29]} 31. Qe4 {[%clk 0:00:45]} Bf6
{[%clk 0:00:29]} 32. Be3 {[%clk 0:00:34]} Be7 {[%clk 0:00:28]} 33. Rb5
{[%clk 0:00:35]} Bf6 {[%clk 0:00:28]} 34. Qc4 {[%clk 0:00:32]} Bg5
{[%clk 0:00:23]} 35. Bxg5 {[%clk 0:00:23]} hxg5 {[%clk 0:00:24]} 36. Qe4
{[%clk 0:00:24]} Re8 {[%clk 0:00:20]} 37. Kg2 {[%clk 0:00:19]} Qf6
{[%clk 0:00:18]} 38. Qf3 {[%clk 0:00:10]} Rf8 {[%clk 0:00:08]} 39. Rxe5
{[%clk 0:00:06]} Qxe5 {[%clk 0:00:05]} 40. Qxf8+ {[%clk 0:00:07]} Kh7
{[%clk 0:00:06]} 41. Qf3 {[%clk 0:00:05]} Qc5 {[%clk 0:00:03]} 42. Qe4+
{[%clk 0:00:05]} Kh8 {[%clk 0:00:04]} 43. Qe8+ {[%clk 0:00:06]} Kh7
{[%clk 0:00:06]} 44. Qe4+ {[%clk 0:00:07]} Kh8 {[%clk 0:00:07]} 45. Kh3
{[%clk 0:00:04]} b5 {[%clk 0:00:08]} 46. Qe8+ {[%clk 0:00:05]} Kh7
{[%clk 0:00:10]} 47. Qxb5 {[%clk 0:00:05]} Qf2 {[%clk 0:00:08]} 48. Qd5
{[%clk 0:00:04]} Qf1+ {[%clk 0:00:06]} 49. Kg4 {[%clk 0:00:05]} Qxe2+
{[%clk 0:00:07]} 50. Qf3 {[%clk 0:00:06]} Qa2 {[%clk 0:00:06]} 51. Qe4+
{[%clk 0:00:07]} Kh8 {[%clk 0:00:07]} 52. Qe8+ {[%clk 0:00:08]} Kh7
{[%clk 0:00:09]} 53. Qe4+ {[%clk 0:00:10]} Kh8 {[%clk 0:00:10]} 54. Kxg5
{[%clk 0:00:05]} Qf7 {[%clk 0:00:11]} 55. Qa8+ {[%clk 0:00:06]} Kh7
{[%clk 0:00:12]} 56. Qe4+ Kh8 57. Kg4 {[%clk 0:00:08]} Qd7+ {[%clk 0:00:14]} 58.
Kf3 {[%clk 0:00:09]} Qd6 {[%clk 0:00:13]} 59. Qe8+ {[%clk 0:00:09]} Kh7
{[%clk 0:00:14]} 60. Qe4+ {[%clk 0:00:11]} Kh8 {[%clk 0:00:16]} 61. h4
{[%clk 0:00:12]} Qf6+ {[%clk 0:00:16]} 62. Kg2 {[%clk 0:00:12]} Qb2+
{[%clk 0:00:16]} 63. Kh3 {[%clk 0:00:13]} Qf6 {[%clk 0:00:17]} 64. Qe8+
{[%clk 0:00:14]} Kh7 {[%clk 0:00:18]} 65. Qh5+ {[%clk 0:00:14]} Kg8
{[%clk 0:00:19]} 66. Qd5+ {[%clk 0:00:12]} Kh8 {[%clk 0:00:18]} 67. Qa8+
{[%clk 0:00:07]} Kh7 {[%clk 0:00:19]} 68. Qe4+ Kh8 69. d4 {[%clk 0:00:05]} Qf1+
{[%clk 0:00:20]} 70. Qg2 {[%clk 0:00:05]} Qf5+ {[%clk 0:00:20]} 71. Kh2
{[%clk 0:00:06]} Qd3 {[%clk 0:00:20]} 72. d5 {[%clk 0:00:05]} Qd4
{[%clk 0:00:21]} 73. Qa2 {[%clk 0:00:05]} Kh7 {[%clk 0:00:20]} 74. Qc2+
{[%clk 0:00:05]} Kh8 {[%clk 0:00:22]} 75. Qc8+ {[%clk 0:00:07]} Kh7
{[%clk 0:00:23]} 76. Qf5+ {[%clk 0:00:08]} Kh8 {[%clk 0:00:24]} 77. Qh5+
{[%clk 0:00:08]} Kg8 {[%clk 0:00:25]} 78. Qe8+ {[%clk 0:00:07]} Kh7
{[%clk 0:00:27]} 79. Kh3 {[%clk 0:00:04]} Qxd5 {[%clk 0:00:26]} 80. Qe2
{[%clk 0:00:03]} Qd7+ {[%clk 0:00:24]} 81. Qg4 {[%clk 0:00:04]} Qc6
{[%clk 0:00:23]} 82. Qf5+ {[%clk 0:00:05]} Kh8 {[%clk 0:00:23]} 83. Qf8+
{[%clk 0:00:05]} Kh7 {[%clk 0:00:24]} 84. Qf5+ {[%clk 0:00:07]} Kh8
{[%clk 0:00:26]} 85. Qh5+ {[%clk 0:00:08]} Kg8 {[%clk 0:00:27]} 86. Qxa5
{[%clk 0:00:08]} Qh1+ {[%clk 0:00:27]} 87. Kg4 {[%clk 0:00:10]} Qe4+
{[%clk 0:00:28]} 88. Kg5 {[%clk 0:00:10]} Qe3+ {[%clk 0:00:28]} 89. Kf5
{[%clk 0:00:10]} Qf3+ {[%clk 0:00:28]} 90. Ke6 {[%clk 0:00:09]} Qe3+
{[%clk 0:00:25]} 91. Kd6 {[%clk 0:00:04]} Qxg3+ {[%clk 0:00:25]} 92. Qe5
{[%clk 0:00:04]} Qxh4 {[%clk 0:00:24]} 93. a5 {[%clk 0:00:06]} Qb4+
{[%clk 0:00:24]} 94. Kc6 {[%clk 0:00:06]} Qc4+ {[%clk 0:00:24]} 95. Qc5
{[%clk 0:00:07]} Qa6+ {[%clk 0:00:24]} 96. Qb6 {[%clk 0:00:08]} Qc8+
{[%clk 0:00:25]} 97. Kb5 {[%clk 0:00:09]} Qd7+ {[%clk 0:00:21]} 98. Qc6
{[%clk 0:00:10]} Qf5+ {[%clk 0:00:18]} 99. Kb6 {[%clk 0:00:07]} Qb1+
{[%clk 0:00:14]} 100. Kc7 {[%clk 0:00:06]} Qa2 {[%clk 0:00:11]} 101. a6
{[%clk 0:00:07]} g5 {[%clk 0:00:10]} 102. Qg6+ {[%clk 0:00:06]} Kf8
{[%clk 0:00:10]} 103. Qf6+ {[%clk 0:00:07]} Ke8 {[%clk 0:00:10]} 104. Qe5+
{[%clk 0:00:05]} Kf7 {[%clk 0:00:10]} 105. Qf5+ {[%clk 0:00:06]} Ke8
{[%clk 0:00:11]} 106. Qb5+ {[%clk 0:00:06]} Kf7 {[%clk 0:00:09]} 107. Kb7
{[%clk 0:00:05]} Qg2+ {[%clk 0:00:05]} 108. Qc6 {[%clk 0:00:06]} Qb2+
{[%clk 0:00:06]} 109. Kc8 {[%clk 0:00:06]} Qa3 {[%clk 0:00:03]} 110. Qc7+
{[%clk 0:00:06]} Kg6 {[%clk 0:00:04]} 111. a7 {[%clk 0:00:06]} Qf8+
{[%clk 0:00:04]} 112. Kb7 {[%clk 0:00:06]} 1/2-1/2

[Event "Blitz 2018"]
[Site "Saint-Petersburg"]
[Date "2018.12.30"]
[Round "20"]
[Board "70"]
[White "Bindrich Falko (GER)"]
[Black "Seliverstov Vladimir (RUS)"]
[Result "0-1"]
[LiveChessVersion "1.4.8"]
[BlackElo "2512"]
[WhiteElo "2639"]

1. d4 d5 2. c4 c6 3. e3 Nf6 4. Nf3 g6 5. Nc3 Bg7 6. h3 O-O 7. Be2 a6 8. O-O dxc4
9. Bxc4 b5 10. Be2 Bb7 11. Bd2 Nbd7 12. b4 Qc7 13. Rc1 e5 14. a4 exd4 15. Nxd4
Qd6 16. Bf3 Rab8 17. Nxc6 Bxc6 18. Nxb5 Bxb5 19. axb5 axb5 20. Rc6 Qe7 21. Bc3
Ne5 22. Bxe5 Qxe5 23. Qb3 Ne4 24. Qc2 Ng5 25. Be2 Ne6 26. Bg4 Rfe8 27. Rd1 h5 28.
Bf3 Red8 29. Rc1 Qb2 30. Qe4 Rd2 31. Rc8+ Rxc8 32. Rxc8+ Bf8 33. Qh4 Qb1+ 34. Kh2
Kg7 35. g4 Qxb4 36. Kg2 Be7 37. Qg3 Qd6 38. gxh5 Qxg3+ 39. Kxg3 Ng5 40. Bc6 Rc2
41. hxg6 fxg6 42. f4 Nf7 43. Rc7 Bd6 44. Rc8 b4 45. Bd7 Rxc8 46. Bxc8 b3 47. Ba6
b2 48. Bd3 Kf6 49. Kg4 Nh6+ 50. Kf3 Nf5 51. Bb1 Bc5 52. e4 Nd4+ 53. Kg4 Nb3 54.
e5+ Kg7 55. h4 Nd2 56. Bd3 b1=Q 57. Bxb1 Nxb1 58. h5 gxh5+ 59. Kxh5 Bd4 60. Kg5
Nc3 61. Kf5 Kf7 62. Kg4 Ke6 63. Kg5 Nd5 64. Kg4 Be3 65. Kf3 Bxf4 66. Ke4 Bxe5 67.
Kd3 Nf6 68. Kc4 Kd6 69. Kd3 Bf4 70. Kd4 Bg5 71. Kc4 Ke5 72. Kc5 Be3+ 73. Kc4 Ke4
74. Kb5 Kd5 75. Kb4 Ne4 76. Kb5 Nd6+ 77. Ka6 Kc4 78. Ka5 Bc5 79. Ka6 Kd5 80. Ka5
Be3 81. Ka6 Kc6 82. Ka5 Bc5 83. Ka6 Nb5 84. Ka5 Nc7 85. Ka4 Kd5 86. Ka5 Kc4 87.
Ka4 Bb6 88. Ka3 Kc3 89. Ka4 Bd4 90. Ka5 Bc5 91. Ka4 Bb6 92. Ka3 Kc4 93. Ka4 Nd5
94. Ka3 Bd4 95. Ka4 Bc3 96. Ka3 Nb6 97. Ka2 Nd7 98. Ka3 Nc5 99. Ka2 Kb4 100. Kb1
Kc4 101. Ka2 Nd3 102. Ka3 Be1 103. Ka4 Bd2 104. Ka3 Bc3 105. Ka4 Be1 106. Ka3
Bb4+ 107. Ka2 Kc3 108. Kb1 Kb3 109. Ka1 Ba3 110. Kb1 Nb4 111. Ka1 Na2 112. Kb1
Nc3+ 0-1

[Event "Blitz 2018"]
[Site "Saint-Petersburg"]
[Date "2018.12.30"]
[Round "20"]
[Board "71"]
[White "Sanikidze Tornike (GEO)"]
[Black "Alekseev Evgeny (RUS)"]
[Result "1-0"]
[LiveChessVersion "1.4.8"]
[BlackElo "2634"]
[WhiteElo "2484"]

1. d4 {[%clk 0:03:02]} Nf6 {[%clk 0:03:03]} 2. c4 {[%clk 0:03:03]} e6
{[%clk 0:03:04]} 3. Nf3 {[%clk 0:03:04]} d5 {[%clk 0:03:05]} 4. Nc3
{[%clk 0:03:05]} Bb4 {[%clk 0:03:07]} 5. cxd5 {[%clk 0:03:05]} exd5
{[%clk 0:03:08]} 6. Bg5 {[%clk 0:03:05]} Nbd7 {[%clk 0:03:08]} 7. e3
{[%clk 0:03:05]} h6 {[%clk 0:03:08]} 8. Bh4 {[%clk 0:03:05]} g5 {[%clk 0:03:09]}
9. Bg3 {[%clk 0:03:06]} Ne4 {[%clk 0:03:11]} 10. Nd2 {[%clk 0:03:05]} Nxg3
{[%clk 0:03:10]} 11. hxg3 {[%clk 0:03:06]} Nb6 {[%clk 0:03:09]} 12. Bd3
{[%clk 0:03:03]} c6 {[%clk 0:03:03]} 13. Qc2 {[%clk 0:03:02]} Be6
{[%clk 0:02:57]} 14. a3 {[%clk 0:03:02]} Bf8 {[%clk 0:02:56]} 15. f4
{[%clk 0:02:54]} Qe7 {[%clk 0:02:32]} 16. O-O-O {[%clk 0:02:51]} O-O-O
{[%clk 0:02:30]} 17. Kb1 {[%clk 0:02:39]} Kb8 {[%clk 0:02:30]} 18. Rde1
{[%clk 0:02:35]} Bg7 {[%clk 0:02:25]} 19. Nb3 {[%clk 0:02:35]} Bc8
{[%clk 0:02:21]} 20. Nc5 {[%clk 0:02:32]} Rde8 {[%clk 0:02:03]} 21. Qb3
{[%clk 0:02:32]} Qc7 {[%clk 0:01:50]} 22. Qb4 {[%clk 0:02:14]} Ka8
{[%clk 0:01:45]} 23. Re2 {[%clk 0:02:03]} Bg4 {[%clk 0:01:37]} 24. Ree1
{[%clk 0:02:04]} Nc8 {[%clk 0:01:18]} 25. Qb3 {[%clk 0:01:50]} Nd6
{[%clk 0:01:16]} 26. Ka1 {[%clk 0:01:39]} Re7 {[%clk 0:01:08]} 27. Be2
{[%clk 0:01:35]} Bc8 {[%clk 0:01:02]} 28. Bf3 {[%clk 0:01:35]} Qb6
{[%clk 0:00:49]} 29. Qc2 {[%clk 0:01:23]} Rhe8 {[%clk 0:00:43]} 30. fxg5
{[%clk 0:01:05]} hxg5 {[%clk 0:00:40]} 31. Qf2 {[%clk 0:00:32]} Nc4
{[%clk 0:00:27]} 32. Bxd5 {[%clk 0:00:33]} Nxe3 {[%clk 0:00:22]} 33. Bb3
{[%clk 0:00:12]} Bxd4 {[%clk 0:00:20]} 34. N3a4 {[%clk 0:00:10]} Qa5
{[%clk 0:00:16]} 35. Rc1 {[%clk 0:00:10]} Bf5 {[%clk 0:00:11]} 36. Qf3
{[%clk 0:00:09]} Bg6 {[%clk 0:00:09]} 37. Nxb7 {[%clk 0:00:04]} Rxb7
{[%clk 0:00:10]} 38. Qxc6 {[%clk 0:00:05]} Reb8 {[%clk 0:00:07]} 39. Rhe1
{[%clk 0:00:04]} Nf5 {[%clk 0:00:04]} 40. Bd5 {[%clk 0:00:05]} Qd8
{[%clk 0:00:03]} 41. Rcd1 {[%clk 0:00:05]} Bf6 {[%clk 0:00:03]} 42. Nc5
{[%clk 0:00:05]} Bxb2+ {[%clk 0:00:03]} 43. Ka2 {[%clk 0:00:06]} Qa5
{[%clk 0:00:04]} 44. Qxb7+ {[%clk 0:00:06]} Rxb7 {[%clk 0:00:05]} 45. Re8+
{[%clk 0:00:07]} 1-0